Introduction to VLSI systems

সংরক্ষণ করুন:
গ্রন্থ-পঞ্জীর বিবরন
প্রধান লেখক: Mead, Carver
বিন্যাস: গ্রন্থ
ভাষা:Undetermined
প্রকাশিত: Massachusetts Addison Wesley Publishing Company 1980
বিষয়গুলি:
ট্যাগগুলো: ট্যাগ যুক্ত করুন
কোনো ট্যাগ নেই, প্রথমজন হিসাবে ট্যাগ করুন!
Thư viện lưu trữ: Trung tâm Học liệu Trường Đại học Cần Thơ
LEADER 00514nam a2200181Ia 4500
001 CTU_82664
008 210402s9999 xx 000 0 und d
082 |a 621.381 
082 |b M481 
100 |a Mead, Carver 
245 0 |a Introduction to VLSI systems 
245 0 |c Carver Mead 
260 |a Massachusetts 
260 |b Addison Wesley Publishing Company 
260 |c 1980 
650 |a Digital electronics,Microcomputers 
904 |i QHieu(sửa) 
980 |a Trung tâm Học liệu Trường Đại học Cần Thơ